000 00677nam a22002177a 4500
005 20170124105930.0
010 _a890584
020 _c00.00
037 _bCen Lib/Ret
040 _aDPL
_bEN
082 _a385
_bPAT
100 _aPatankar, P . G
_98061
245 _aUrbab mobility in developing countries /
_cby P .G . Patankar
260 _aBombay
_bPopular Prakashan
_c1978
270 _a35c, Tardeo Road , Popular Press Building
_bBombay
_e400034
300 _axiv,152p.
_c21cm(Hb)
500 _aincludes bibliographic referneces and index
650 _aUrban transportation
_98062
650 _aTransportation
_98063
942 _2ddc
_cEN
_h385
_mPAT
999 _c123794
_d123794